| 000 | 00909nam0a22002651 4500 | ||
|---|---|---|---|
| 001 | rc\602671 | ||
| 005 | 20250621181126.0 | ||
| 035 | _a(NLR Aleph) 005846951 | ||
| 090 |
_a5738291 _c5738291 |
||
| 100 | _a20031121d1986 |||y0rusy50 ca | ||
| 101 | 0 | _arus | |
| 102 | _aRU | ||
| 105 | _aa ||||||||| | ||
| 200 | 1 |
_aОсновы радиоэлектроники _e[Учеб. для физ. спец. ун-тов] |
|
| 205 | _a2-е изд., перераб. и доп. | ||
| 210 |
_aМинск _cУниверситетское _d1986 |
||
| 215 |
_a302, [1] c. _cил. _d21 |
||
| 320 | _aБиблиогр.: с. 300 (6 назв.) | ||
| 700 | 1 |
_aЕфимчик _bМ.К. _gМихаил Константинович |
|
| 701 | 1 |
_aШушкевич _bС.С. _gСтанислав Станиславович |
|
| 801 | 0 |
_aRU _bNLR _gpsbo |
|
| 801 | 1 |
_aRU _bELAR _2rusmarc |
|
| 852 |
_aNLR _j86-3/10454 |
||
| 942 | _cBOOK | ||
| 980 | _aNB | ||